Alexander : roman der Utopie
Αποθηκεύτηκε σε:
| Κύριος συγγραφέας: | |
|---|---|
| Άλλοι συγγραφείς: | |
| Μορφή: | Βιβλίο |
| Γλώσσα: | German |
| Δημοσίευση: |
Munchen :
Wilhelm Goldmann,
[χ.χ.]
|
| Σειρά: | Goldmann GELBE ;
; 2973 |
| Θέματα: | |
| Ετικέτες: |
Προσθήκη ετικέτας
Δεν υπάρχουν, Καταχωρήστε ετικέτα πρώτοι!
|
MARC
| LEADER | 00000cam a2200000 i 4500 | ||
|---|---|---|---|
| 001 | 1/34806 | ||
| 008 | 060925s ger d | ||
| 020 | |a 3-442-02973-2 | ||
| 035 | |l 10085336 | ||
| 040 | |a GR-MY-UA |b gre |e aacr | ||
| 041 | 0 | |a ger | |
| 082 | 0 | |a 833.91 |2 (22) | |
| 100 | 1 | |a Mann, Klaus, |d 1906-1949. | |
| 245 | 1 | 0 | |a Alexander : |b roman der Utopie / |c Klaus Mann ; vorwort von Jean Cocteau |
| 260 | |a Munchen : |b Wilhelm Goldmann, |c [χ.χ.] | ||
| 300 | |a 185 σ.; |c 18 εκ. | ||
| 490 | 1 | |a Goldmann GELBE |v ; 2973 | |
| 650 | 0 | 0 | |a Utopias |x Fiction. |
| 650 | 0 | 0 | |a German fiction |y 20th century. |
| 700 | 1 | |a Cocteau, Jean, |d 1889-1963. | |
| 830 | 0 | |a Goldmann GELBE ; |v ; 2973 | |
| 852 | |a INST |b CHIOS |e 20060925 |h 833.91 MAN |p 005200027144 |q 005200027144 |t BK |y 0 | ||
| 901 | |a BIBL2-2006-2 | ||
| 909 | |a Χ |b 016210 | ||
| 970 | |a ΒΑΣΙΛΑΚΗ |b ΝΙΚΗ |z 2006/09/25 | ||